PISA 2015 results policies and practices for successful schools

Na minha lista:
Detalhes bibliográficos
Formato: Livro
Idioma:inglês
Publicado em: Paris OECD 2016
Colecção:PISA
Assuntos:
Tags: Adicionar Tag
Sem tags, seja o primeiro a adicionar uma tag!

MARC

LEADER 00000nam a2200000 4500
001 0234160
005 20240314123412.7
020 |a 978-92-64-26749-7 
041 0 |a eng 
044 |a FR 
245 1 0 |a PISA 2015 results  |b policies and practices for successful schools 
264 1 |a Paris  |b OECD  |c 2016 
300 |a 467 s. 
490 1 |a PISA 
830 0 |a PISA 
610 2 0 |a školstvo 
610 2 0 |a vzdelávanie 
610 2 0 |a veda 
610 2 0 |a matematika 
610 2 0 |a literatúra 
610 2 0 |a študenti 
610 2 0 |a učitelia 
610 2 0 |a hodnotenie práce 
610 2 0 |a úroveň vzdelanostná 
610 2 0 |a kreativita 
610 2 0 |a školy 
610 2 0 |a riadenie 
610 2 0 |a zodpovednosť organizácie 
610 2 0 |a výkony pracovné 
610 2 0 |a kvalita vzdelávania 
610 2 0 |a sektor súkromný 
610 2 0 |a sektor verejný 
610 2 0 |a zdroje finančné 
610 2 0 |a zdroje ľudské 
610 2 0 |a zdroje materiálové 
610 2 0 |a čas pracovný 
610 2 0 |a prostredie pracovné 
610 2 0 |a údaje štatistické 
610 2 0 |a porovnanie štatistické medzinárodné